000 00653nam a2200229 4500
003 OTs
005 20260601171021.0
008 260520b1973\\\\|||ao|||\||||\00|\0\eng\d
040 _aICI
_bspa
_cICI
_erda
050 _aNA1
_bH33 1973
100 _eautor
245 _aHabitat /
_bfree winter supplement 1973
264 _aEstados Unidos
_c1973
300 _a62 Páginas
336 _2rdacontent
_atexto
337 _2rdamedia
_asin medio
338 _2rdacarrier
_avolumen
650 _aArquitectura
_vPublicaciones periódicas
650 _aDiseño de interiores
_vRevistas
_934653
650 _aVivienda
_xDiseño y construcción
942 _2lcc
_n1
_cB
999 _c20884
_d20884